Score 0/26 Timer 03:00
0 Plays Today
Clue 4-Letter Word % Correct
Dime or nickel, e.g.COIN
98.2%
Vegetable that comes in earsCORN
97.5%
Become a member of a groupJOIN
96.2%
Level indicator in karateBELT
95.5%
Ernie's muppet roommateBERT
95.2%
'___ on the Fourth of July'BORN
94.8%
Halloween face coveringMASK
94.8%
Taco or Liberty followerBELL
92.9%
Capital of SwitzerlandBERN
92.7%
Bruce Banner, when he gets angryHULK
91.6%
Elephantine ivory sourceTUSK
91.2%
A male seal or cattleBULL
90.8%
Relative of a rabbitHARE
90.5%
Clue 4-Letter Word % Correct
Female horseMARE
90%
A potato dishMASH
88%
The majority ofBULK
87%
The outside of an ear of [Rung 4]HUSK
85.8%
Slang for your bottomTUSH
84.5%
Flowing leonine hairMANE
82.6%
Entertainment Tonight Host with [Rung 16]JOHN
81.6%
A netlike gridMESH
75.7%
Cuban who owns the MavericksMARK
72.7%
Entertainment Tonight Host with [Rung 1]TESH
71.2%
Lots and lotsMANY
70.8%
Entertainment Tonight Host with [Rung 26]MARY
60.3%
Entertainment Tonight Host with [Rung 21]HART
53.6%

Today's Daily Dose

Missing Word
I Hardly Know Her!

Word Ladder
Sentence Ending

Quick Pick
Female Firsts

Get the Picture
Triathlon Sports

Remove Ads.
Support Sporcle.
Get the best of Sporcle when you Go Orange. This ad-free experience offers more features, more stats, and more fun while also helping to support Sporcle. Thank you for becoming a member.

You're not logged in!

Compare scores with friends on all Sporcle quizzes.
OR
Log In

Show Comments

Extras

Top Quizzes Today


Score Distribution

Your Account Isn't Verified!

In order to create a playlist on Sporcle, you need to verify the email address you used during registration. Go to your Sporcle Settings to finish the process.

Report this User

Report this user for behavior that violates our Community Guidelines.

Details: